Personnages célèbres - Série 64 - Statistiques

Statistiques générales
  • Ce quiz a été pris 126 fois
  • Le résultat moyen est 9 sur 15
Statistiques - réponses
Par images Hint Réponse % Correct
Lady - chanteuse Gaga
95%
Amel - chanteuse Bent
94%
Alicia - chanteuse Keys
86%
Cristina-animatrice TV Cordula
83%
Léon - homme d'état Blum
80%
chanteur Calogero
79%
Jean Luc - humoriste Lemoine
68%
Bill - comédien Cosby
57%
Peter - acteur Falk
51%
Vincent - chanteur Niclo
48%
Jessica - actrice Biel
44%
Caroline - tennis Garcia
37%
Kristin - actrice Scott Thomas
36%
Vincent - humoriste Dedienne
32%
Philippe - acteur Rebbot
3%
Aucun quiz correspondant
Distribution des résultats
% des personnes avec chaque résultat
Percentile par nombre de réponses
Votre historique - résultats
Vous n’avez pas pris ce quiz